000 00877cam0a220026500 4500
001 lce00780650
008 731030s1973 ilua b 001 0 eng
010 _a 72084140
020 _a0398026297
035 _a(Sirsi) r67490
035 _a(DLC) 72084140
035 _a(UPRA)lce00780650
040 _dUPRA
050 0 _aRC262
_b.C43
082 _a616.9/94/071
100 1 _aCervenka, Jaroslav.
_6A28219.1
245 1 0 _aChromosomes in human cancer /
_cby Jaroslav Cervenka and Lucien Koulischer ; edited by Robert J. Gorlin.
260 _aSpringfield, IL :
_bThomas,
_c[1973]
504 _aIncludes bibliographies.
650 0 _aCancer -- Genetic aspects.
_xCancer -- Genetic aspects.
_6S20346.1
650 0 _aChromosome abnormalities.
_6S20018.2
700 1 _aKoulischer, Lucien.
_6A28220.1
949 _aRC262
_wLC
_i-90443
_mMEDICAL
_tBOOK
_lON-SHELF
004 67490
999 _c43535
_d43535